00610nam a2200181Ia 4500008004100000020001500041041001200056082001600068100001100084245006600095260004900161300000800210650000800218700001800226942000700244999001500251952016200266221030s9999 xx 000 0 und d a0852261500 aEnglish a105.23b210 aJ. Das 0aPrinciples of Digital Communicationcby J. Das, S. K. Mullick bNew Age International Pub.aNew Delhic2000 a645 aECE aS. K. Mullick cBK c6608d6608 pBE 1917g210.00l0o105.23 210r2024-06-13 00:00:00w2022-10-30yBK003Print4071aMIETLIBbMIETLIBcBL-Second, FL-1, CUP-107, SH-6, R-6d2005-09-2010HBE